| 000 | 00564nam a2200193Ia 4500 | ||
|---|---|---|---|
| 001 | 1844 | ||
| 003 | GE_BSU | ||
| 008 | 181216s||||||||xx |||||||||||||| ||und|| | ||
| 020 | _a5010024411 | ||
| 040 | _cGE_BSU | ||
| 080 | _a342.7 | ||
| 245 | _aКогда убивает Государство... смертная казаь против прав человека.в стпит статья Ф.М.Бурацокого. | ||
| 260 | _aМосква | ||
| 260 | _bПрогресс | ||
| 260 | _c1989 | ||
| 300 | _a424 с. 20 см. | ||
| 541 | _h12 л. | ||
| 942 | _cBK | ||
| 999 |
_c35945 _d35945 |
||